000 00665nam a2200193Ia 4500
003 GCL
005 20240530095233.0
008 140319s9999 xx 000 0 ara d
040 _aGCL /
_cGCL
082 0 4 _a923.9
_bق/ل ش
100 1 _aلاكوتير، جان
245 1 0 _aشامبوليون :
_bحياة من نور /
_cلاكوتير، جان
260 _aالقاهرة :
_bالمجلس الاعلى للثقافة ،
_c2000
300 _a621 ص ؛
_c24 سم
650 0 4 _aشامبليون
650 0 4 _aمصر - تاريخ - العصر الحديث - عصر محمد على ( 1805- 1849 م )
650 0 4 _aالمصريات، علم
942 _2ddc
_cBK
999 _c5276
_d5276